College Quizbowl Stats
College Quizbowl Stats
Circuits
Seasons
Sets
Records
Detailed Stats
About
Loading...
2024 Penn Bowl Mainsite
Tossups
Bonuses
Players
Teams
Categories (Tossup)
Categories (Bonus)
Nihal Chatra
Johns Hopkins B
Categories
Category
Powers
Gets
Negs
BBs
Points
Earliest Buzz
Avg. Buzz
First Buzzes
Top 3 Buzzes
BPA
PVF
History - American
0
2
0
1
20
103
117.00
0
2
0.00
0.00
Mythology- Edited
0
1
0
0
10
133
133.00
0
1
0.00
0.00
Social Science
0
1
0
0
10
134
134.00
0
1
0.00
0.00
Popular Culture
0
0
0
0
0
0.00
0
0
0.00
0.00
Buzzes
Category
Answer
Value
Buzz Position
History - American
George Kennan
10
103
History - American
Sons of Liberty
10
131
Popular Culture
Li’l Abner
0
132
Mythology- Edited
tirthankaras
10
133
Social Science
guardian
10
134
Previous
1
Next